| 000 | 00505nam a2200181Ia 4500 | ||
|---|---|---|---|
| 008 | 180523s9999 xx 000 0 und d | ||
| 050 | _aMAIN HB 615 | ||
| 050 | _b.I58 1997 | ||
| 245 | 0 | _aIntroduction to entrepreneurship / | |
| 250 | _aRevised Edition | ||
| 260 | _aQuezon City: | ||
| 260 | _bSmall Enterprises Research Development Foundation, Inc., | ||
| 260 | _c1989 | ||
| 300 | _a358 pages : | ||
| 300 | _c22 cm. | ||
| 650 | _aEntrepreneurship. | ||
| 650 | _xBusiness planning -- Philippines. | ||
| 999 |
_c356786 _d356786 |
||